[Event "Lichtenberger Sommer"]
[Site "Berlin"]
[Date "2009.08.15"]
[Round "1.75"]
[White "Gräfe, Charly"]
[Black "Richter, Dirk"]
[Result "1-0"]
[WhiteElo "1874"]
[BlackElo "1448"]
[PlyCount "45"]
[EventDate "2009.??.??"]
[WhiteTeam "SF Friedrichshagen"]
[BlackTeam "SG Lok Brandenburg, Abt. Schach"]

1. e4 Nf6 2. e5 Nd5 3. d4 d6 4. Nf3 Bg4 5. Be2 Nc6 6. exd6 exd6 7. O-O Be7 8.
c4 Nb6 9. b3 O-O 10. Bb2 Bf6 11. Na3 Re8 12. Nc2 a5 13. Ne3 Bd7 14. a3 Ne7 15.
Qc2 c5 16. Rfe1 g6 17. dxc5 Bxb2 18. Qxb2 dxc5 19. Rad1 Qc7 20. Ne5 Be6 21.
N5g4 Bxg4 22. Nxg4 Nd7 23. Nh6+ 1-0

[Event "Lichtenberger Sommer"]
[Site "Berlin"]
[Date "2009.08.15"]
[Round "1.76"]
[White "Paris, Gerhard"]
[Black "Fieguth, Bernd"]
[Result "0-1"]
[WhiteElo "1444"]
[BlackElo "1874"]
[PlyCount "80"]
[EventDate "2009.??.??"]
[WhiteTeam "TSG Oberschöneweide e.V."]
[BlackTeam "SF Friedrichshagen"]

1. e4 e5 2. Nf3 Nf6 3. Nc3 Nc6 4. Bc4 Nxe4 5. Nxe4 d5 6. Bxd5 Qxd5 7. Qe2 Be7
8. d3 Bg4 9. Be3 f5 10. Nc3 Qa5 11. h3 Bh5 12. g4 fxg4 13. hxg4 Bxg4 14. Rg1 h5
15. O-O-O Rf8 16. Rg3 O-O-O 17. Rdg1 Bb4 18. Rxg4 hxg4 19. Ng5 Bxc3 20. Qxg4+
Rd7 21. bxc3 Qxc3 22. Ne4 Qa3+ 23. Kd2 Qa5+ 24. Kc1 Nd4 25. Bxd4 exd4 26. Qe6
Qb6 27. Qh3 Qh6+ 28. Qxh6 gxh6 29. Rg6 Rh7 30. Kd2 b6 31. Ke2 h5 32. f3 Rf5 33.
Kf2 h4 34. Rg8+ Kb7 35. Kg2 h3+ 36. Kh2 Rxf3 37. Rg1 Rh5 38. a4 Re3 39. Ng3 Rg5
40. Kxh3 Rf3 0-1

[Event "Lichtenberger Sommer"]
[Site "Berlin"]
[Date "2009.08.15"]
[Round "1.77"]
[White "Voigt, Ingo"]
[Black "Berg, Gerd"]
[Result "1-0"]
[WhiteElo "1869"]
[BlackElo "1443"]
[PlyCount "83"]
[EventDate "2009.??.??"]
[WhiteTeam "BSV 63 Chemie Weißensee"]
[BlackTeam "SK König Tegel 1949 e.V."]

1. Nf3 Nf6 2. g3 c6 3. Bg2 d5 4. O-O g6 5. b3 Bg7 6. Bb2 O-O 7. c4 Nbd7 8. Qc2
dxc4 9. bxc4 Ng4 10. Bxg7 Kxg7 11. d4 Nb6 12. Nbd2 Be6 13. Rac1 Rc8 14. Qb2 Kg8
15. e4 f5 16. Ng5 Qd7 17. c5 Na8 18. Nxe6 Qxe6 19. Qxb7 Qxa2 20. Qb3+ Qxb3 21.
Nxb3 Rc7 22. exf5 gxf5 23. Na5 Rf6 24. Rb1 Kg7 25. Rb8 Rf8 26. Rfb1 Rcc8 27.
Rxc8 Rxc8 28. Nxc6 Kf6 29. Rb7 Re8 30. h3 Nh6 31. Rxa7 Ng8 32. Ne5 Rd8 33. Bxa8
Rxd4 34. Nf3 Rd1+ 35. Kg2 Rc1 36. c6 e5 37. c7 e4 38. Nd4 Ne7 39. Ra6+ Ke5 40.
Nc6+ Kd6 41. Nxe7+ Kxe7 42. Rc6 1-0

[Event "Lichtenberger Sommer"]
[Site "Berlin"]
[Date "2009.08.15"]
[Round "1.78"]
[White "Stiemerling, Karl-Heinz"]
[Black "Davydov, Ruven"]
[Result "0-1"]
[WhiteElo "1434"]
[BlackElo "1868"]
[PlyCount "58"]
[EventDate "2009.??.??"]
[WhiteTeam "SG Eckturm"]
[BlackTeam "TuS Makkabi Berlin e.V."]

1. d4 Nf6 2. Nf3 e6 3. c4 b6 4. Nc3 Bb4 5. a3 Bxc3+ 6. bxc3 O-O 7. e3 c5 8. Bd3
Nc6 9. O-O Ba6 10. Qa4 Na5 11. Rd1 Rc8 12. Bb2 cxd4 13. Nxd4 Bxc4 14. Nb5 Bb3
15. Qh4 Bxd1 16. Rxd1 h6 17. Nd6 Rc6 18. Bb5 Rc5 19. c4 Nh7 20. Qe4 Rg5 21. Qf3
Qa8 22. Qh3 a6 23. Bxd7 Rg6 24. f4 Rd8 25. f5 Ng5 26. Qh5 exf5 27. Nxf5 Qe4 28.
Bxg7 Rxd7 29. Rxd7 Qxf5 0-1

[Event "Lichtenberger Sommer"]
[Site "Berlin"]
[Date "2009.08.15"]
[Round "1.79"]
[White "Bauder, Herbert"]
[Black "Llacer Bosbach, Ana"]
[Result "1-0"]
[WhiteElo "1867"]
[BlackElo "1433"]
[PlyCount "39"]
[EventDate "2009.??.??"]
[WhiteTeam "SG Lasker Steglitz-Wilmersdorf"]
[BlackTeam "CIM Benimaclet - Valencia"]

1. d4 d5 2. c4 e6 3. Nc3 Nf6 4. Bg5 Nbd7 5. e3 Be7 6. Nf3 O-O 7. Qc2 h6 8. Bh4
Nh7 9. Bxe7 Qxe7 10. cxd5 e5 11. dxe5 Nxe5 12. Nxe5 Qxe5 13. Bd3 Nf6 14. O-O-O
Re8 15. e4 Qg5+ 16. Qd2 Qg4 17. f3 Qd7 18. e5 Nxd5 19. Nxd5 Qc6+ 20. Nc3 1-0

[Event "Lichtenberger Sommer"]
[Site "Berlin"]
[Date "2009.08.15"]
[Round "1.80"]
[White "Tschirschwitz, Stephan"]
[Black "Grassi, Fabrizio"]
[Result "0-1"]
[WhiteElo "1423"]
[BlackElo "1866"]
[PlyCount "142"]
[EventDate "2009.??.??"]
[WhiteTeam "SG Lasker Steglitz-Wilmersdorf"]
[BlackTeam "SV Berlin-Friedrichstadt"]

1. Nf3 d5 2. d4 Nf6 3. e3 Bg4 4. Be2 e6 5. O-O Bd6 6. b3 Nbd7 7. Bb2 Ne4 8. c4
c6 9. Nc3 Ndf6 10. Nxe4 Nxe4 11. Ne5 Bxe2 12. Qxe2 O-O 13. cxd5 exd5 14. f4 Qe7
15. Nd3 Rae8 16. Rf3 Qc7 17. Rh3 f6 18. Qc2 Re7 19. a4 Rfe8 20. Nc5 Bxc5 21.
dxc5 Qa5 22. Rc1 Qd2 23. Bd4 h6 24. Qxd2 Nxd2 25. Rc3 Rb8 26. Rd3 Ne4 27. b4 b6
28. Rf3 bxc5 29. Bxc5 Nxc5 30. bxc5 Re4 31. Rd4 Rxd4 32. exd4 Rb4 33. Rd3 Rxa4
34. Kf2 Ra2+ 35. Kf3 Ra4 36. h3 a5 37. Kg4 g6 38. f5 Kf7 39. fxg6+ Kxg6 40. Kf4
Rb4 41. g4 a4 42. h4 h5 43. gxh5+ Kxh5 44. Kf5 Rb3 45. Rd2 a3 46. Ra2 Kxh4 47.
Kxf6 Re3 48. Kf5 Kg3 49. Rd2 Kf3 50. Ra2 Rc3 51. Ke5 Ke3 52. Kd6 Kxd4 53. Kxc6
Rxc5+ 54. Kd6 Rc3 55. Rd2+ Rd3 56. Rc2 Ke3 57. Kc5 d4 58. Ra2 Rc3+ 59. Kb4 Kd3
60. Rh2 Rc2 61. Rh3+ Ke2 62. Rxa3 d3 63. Ra8 d2 64. Re8+ Kd1 65. Ra8 Rc7 66.
Kb3 Re7 67. Rh8 Re3+ 68. Kb2 Ke2 69. Rh2+ Kd3 70. Rh1 Re1 71. Rh3+ Kd4 0-1

[Event "Lichtenberger Sommer"]
[Site "Berlin"]
[Date "2009.08.15"]
[Round "1.81"]
[White "Baranowsky, Peter"]
[Black "Maslov, Maxim"]
[Result "1/2-1/2"]
[WhiteElo "1864"]
[BlackElo "1412"]
[PlyCount "81"]
[EventDate "2009.??.??"]
[WhiteTeam "Sfrd. Berlin 1903 e.V."]
[BlackTeam "vereinslos"]

1. d4 f5 2. Bg5 c6 3. e3 Nf6 4. Bd3 e6 5. Nd2 d5 6. Ngf3 Bd6 7. c4 Nbd7 8. cxd5
cxd5 9. O-O O-O 10. Qc2 h6 11. Bf4 Bxf4 12. exf4 Ne4 13. Rfc1 Ndf6 14. Qc7 Nxd2
15. Nxd2 Qxc7 16. Rxc7 Rf7 17. Rac1 Rxc7 18. Rxc7 Ne8 19. Rc3 Bd7 20. Nf3 Rc8
21. Rxc8 Bxc8 22. Ne5 Nf6 23. f3 Nd7 24. a4 Nxe5 25. fxe5 Bd7 26. a5 g5 27. g3
Kf7 28. Kf2 Ke7 29. Ke3 Kd8 30. Kd2 Kc7 31. Kc3 b6 32. Kb4 Kb7 33. h3 a6 34.
Be2 f4 35. gxf4 gxf4 36. Bd3 Be8 37. Be2 Bg6 38. h4 Bc2 39. axb6 Kxb6 40. b3
a5+ 41. Ka4 1/2-1/2

[Event "Lichtenberger Sommer"]
[Site "Berlin"]
[Date "2009.08.15"]
[Round "1.82"]
[White "Stadelmann, Bernd"]
[Black "Muskewitz, Bernd"]
[Result "0-1"]
[WhiteElo "1409"]
[BlackElo "1863"]
[PlyCount "106"]
[EventDate "2009.??.??"]
[WhiteTeam "SC Freibauer Schöneberg"]
[BlackTeam "TSG Oberschöneweide e.V."]

1. d4 d5 2. e4 dxe4 3. Nc3 Nf6 4. f3 exf3 5. Nxf3 Bg4 6. h3 Bxf3 7. Qxf3 c6 8.
Be3 e6 9. Bd3 Nbd7 10. O-O Qc7 11. Ne4 O-O-O 12. Nd2 Nb6 13. c3 Nbd5 14. Bf2
Qf4 15. Qxf4 Nxf4 16. Bc2 Bd6 17. Kh1 h5 18. Bh4 Rdg8 19. Bg5 Ne2 20. Rf3 h4
21. Re1 Ng3+ 22. Kg1 Rh5 23. Bf4 Bxf4 24. Rxf4 Rh6 25. Nc4 Rf8 26. Ne5 g5 27.
Rf2 Kd8 28. Re3 Nd5 29. Ref3 Nf4 30. Ng4 Rhh8 31. Ne5 Rhg8 32. Ng4 f5 33. Ne5
Ne4 34. Bxe4 fxe4 35. Re3 Nd3 36. Rf7 Rxf7 37. Nxf7+ Ke7 38. Nh6 Rg6 39. Ng4
Nxb2 40. Rxe4 Nc4 41. Kf2 Kd6 42. Ne3 Rf6+ 43. Ke2 Nxe3 44. Kxe3 Rf5 45. Kd3
Rf2 46. Re2 Rxe2 47. Kxe2 Kd5 48. Kd3 b5 49. a3 e5 50. dxe5 Kxe5 51. Ke3 c5 52.
Kd3 Kf4 53. Ke2 a5 0-1

[Event "Lichtenberger Sommer"]
[Site "Berlin"]
[Date "2009.08.15"]
[Round "1.83"]
[White "Reiche, Henry"]
[Black "Möller, Dirk"]
[Result "1-0"]
[WhiteElo "1858"]
[BlackElo "1395"]
[PlyCount "35"]
[EventDate "2009.??.??"]
[WhiteTeam "SV Berolina Mitte e.V."]
[BlackTeam "SC Kreuzberg e.V."]

1. e4 e5 2. Nf3 Nf6 3. Nc3 Nc6 4. Bb5 a6 5. Bxc6 bxc6 6. Nxe5 Qe7 7. d4 c5 8.
O-O Bb7 9. Re1 cxd4 10. Nd5 Qxe5 11. Bf4 Qxf4 12. Nxf4 O-O-O 13. Qxd4 Re8 14.
b4 Bxe4 15. f3 Bxc2 16. Rxe8+ Nxe8 17. Qa7 Bd6 18. Qa8# 1-0

[Event "Lichtenberger Sommer"]
[Site "Berlin"]
[Date "2009.08.15"]
[Round "1.84"]
[White "Bolle, Dietrich"]
[Black "Keusch, Horst"]
[Result "0-1"]
[WhiteElo "1374"]
[BlackElo "1856"]
[PlyCount "70"]
[EventDate "2009.??.??"]
[WhiteTeam "SG Eckturm"]
[BlackTeam "SC Friesen Lichtenberg e.V."]

1. d4 f5 2. Nf3 Nf6 3. g3 e6 4. Nbd2 Be7 5. Bg2 O-O 6. O-O Qe8 7. Re1 Ne4 8. e3
d6 9. c4 Nd7 10. Nxe4 fxe4 11. Nd2 d5 12. f3 exf3 13. Bxf3 c6 14. Bh5 g6 15.
Bf3 Bf6 16. Bg2 Nb6 17. b3 e5 18. Bb2 e4 19. a4 Be6 20. a5 Nc8 21. Rc1 Nd6 22.
Ba3 Be7 23. cxd5 cxd5 24. b4 Nb5 25. Qb3 Qd7 26. Bb2 Rf7 27. Rf1 Raf8 28. Rxf7
Rxf7 29. Re1 Bg5 30. Bf1 Nd6 31. Nb1 Nc4 32. Bc1 Qc8 33. Nc3 Rc7 34. Na4 Nxa5
35. bxa5 Rxc1 0-1

[Event "Lichtenberger Sommer"]
[Site "Berlin"]
[Date "2009.08.15"]
[Round "1.85"]
[White "Getzuhn, Detlef"]
[Black "Stiewe, Frank"]
[Result "1-0"]
[WhiteElo "1850"]
[BlackElo "1372"]
[PlyCount "81"]
[EventDate "2009.??.??"]
[WhiteTeam "SV Senat e.V."]
[BlackTeam "vereinslos"]

1. e4 c5 2. d4 cxd4 3. c3 Nc6 4. cxd4 e6 5. Nf3 Bb4+ 6. Nc3 Nf6 7. Bd3 d6 8.
O-O a6 9. a3 Bxc3 10. bxc3 b5 11. Bg5 h6 12. Bh4 g5 13. Bg3 Bb7 14. h3 Ne7 15.
Re1 Ng6 16. e5 dxe5 17. Bxg6 fxg6 18. Nxe5 Qd5 19. f3 h5 20. Nxg6 Rg8 21. Re5
Qc4 22. Rc5 Qxc5 23. dxc5 Rxg6 24. Qc2 Kf7 25. a4 Nd7 26. Bd6 Bc6 27. axb5 Bxb5
28. c4 Bc6 29. Qc3 Rgg8 30. Qe3 Rg6 31. Ra5 g4 32. hxg4 hxg4 33. f4 Nf6 34. f5
exf5 35. Qe7+ Kg8 36. Qe6+ Kh7 37. Bf4 Nh5 38. Qf7+ Ng7 39. Kf2 Re6 40. Ra1 a5
41. Rh1+ 1-0

[Event "Lichtenberger Sommer"]
[Site "Berlin"]
[Date "2009.08.15"]
[Round "1.86"]
[White "Torzinski, Nils"]
[Black "Just, Detlef"]
[Result "1/2-1/2"]
[WhiteElo "1332"]
[BlackElo "1847"]
[PlyCount "148"]
[EventDate "2009.??.??"]
[WhiteTeam "SC Friesen Lichtenberg e.V."]
[BlackTeam "SC Zugzwang 95 e.V."]

1. e4 g6 2. Nf3 Bg7 3. Nc3 d6 4. d4 Nf6 5. Bc4 O-O 6. Bg5 Nbd7 7. O-O h6 8. Bh4
c5 9. e5 dxe5 10. dxe5 Nh7 11. e6 fxe6 12. Bxe6+ Kh8 13. Re1 g5 14. Bg3 Nhf6
15. Bxd7 Bxd7 16. Ne5 Be8 17. Qxd8 Rxd8 18. Nd3 c4 19. Nc5 Rd2 20. Rxe7 Rf7 21.
Rxf7 Bxf7 22. Rc1 Bg6 23. Kf1 Bf5 24. Nxb7 Nh5 25. Na5 Nxg3+ 26. hxg3 Bd4 27.
Ne2 Bxb2 28. Rb1 c3 29. Nb3 Rxc2 30. Rd1 Be6 31. Ned4 Bxb3 32. Nxb3 Ba3 33.
Rd8+ Kg7 34. Rd7+ Kg6 35. Rxa7 Rxa2 36. Nd4 Kf6 37. f4 g4 38. Ra6+ Kf7 39. Kg1
h5 40. Kf1 Ke8 41. Ra7 Kd8 42. Nc6+ Kc8 43. Nb4 Ra1+ 44. Ke2 Kb8 45. Ra4 Kb7
46. Kd3 Kb6 47. Nd5+ Kc5 48. Nxc3 Kb6 49. Kc4 Bb2 50. Rxa1 Bxa1 51. Nd5+ Kc6
52. Ne3 Kd6 53. Kd3 Ke6 54. Ke4 Bc3 55. f5+ Kf7 56. Nd5 Bd2 57. Nf4 Bc1 58.
Nxh5 Bd2 59. f6 Kg6 60. f7 Bb4 61. Nf4+ Kxf7 62. Kf5 Be1 63. Kxg4 Kf6 64. Nd3
Bd2 65. Kf3 Kg5 66. g4 Bc3 67. Nc5 Be5 68. Ne4+ Kg6 69. g5 Bb2 70. Kg4 Bc1 71.
Kf3 Bb2 72. Kg4 Bc1 73. g3 Be3 74. Nd6 Bd4 1/2-1/2

[Event "Lichtenberger Sommer"]
[Site "Berlin"]
[Date "2009.08.15"]
[Round "1.87"]
[White "Hohn, August"]
[Black "Hamar, Dirk"]
[Result "1-0"]
[WhiteElo "1843"]
[BlackElo "1325"]
[PlyCount "77"]
[EventDate "2009.??.??"]
[WhiteTeam "SC Zugzwang 95 e.V."]
[BlackTeam "SV Eutin von 1875"]

1. c4 c6 2. e4 d5 3. cxd5 cxd5 4. Nc3 d4 5. Qa4+ Nc6 6. Nb5 Qb6 7. Nf3 Nf6 8.
e5 Ne4 9. Nbxd4 Bd7 10. Nxc6 Qxf2+ 11. Kd1 Bxc6 12. Bb5 Qc5 13. Bxc6+ Qxc6 14.
Qxc6+ bxc6 15. Re1 Nc5 16. Nd4 Nd3 17. Re3 Nb4 18. Rc3 Rd8 19. Nxc6 Nxc6 20.
Rxc6 e6 21. Rc4 g6 22. d4 Bg7 23. Bg5 Rb8 24. Rac1 O-O 25. Be7 Rfe8 26. Bd6
Rbd8 27. Ke2 f6 28. Rc7 Ra8 29. R1c6 fxe5 30. dxe5 Bf8 31. Ke3 a5 32. Bxf8 Kxf8
33. Rxh7 Kg8 34. Rcc7 Rab8 35. Rcg7+ Kf8 36. b3 Rb5 37. Kf4 g5+ 38. Kxg5 Rxe5+
39. Kg6 1-0

[Event "Lichtenberger Sommer"]
[Site "Berlin"]
[Date "2009.08.15"]
[Round "1.88"]
[White "Küchler, Felix"]
[Black "Junge, Wolfgang"]
[Result "0-1"]
[WhiteElo "1303"]
[BlackElo "1835"]
[PlyCount "108"]
[EventDate "2009.??.??"]
[WhiteTeam "SC Friesen Lichtenberg e.V."]
[BlackTeam "SC Friesen Lichtenberg e.V."]

1. e4 e5 2. Nf3 Nf6 3. Nxe5 d6 4. Nf3 Nxe4 5. d3 Nf6 6. Be2 Be7 7. O-O O-O 8.
Nc3 Bg4 9. h3 Bh5 10. Bd2 Nbd7 11. Re1 c6 12. Nd4 Bxe2 13. Rxe2 Re8 14. Nf5 Bf8
15. Bf4 d5 16. Qd2 Rxe2 17. Qxe2 g6 18. Nh6+ Kg7 19. Ng4 Nxg4 20. Qxg4 h5 21.
Qg3 Qe7 22. Be3 Kh7 23. Ne2 Rc8 24. Nf4 Qd6 25. Re1 d4 26. Bd2 Nf6 27. Qf3 Bh6
28. Rd1 Re8 29. Ne2 Bxd2 30. Rxd2 Kg7 31. Rd1 Qe5 32. Re1 Nd5 33. g3 Nb4 34.
Kf1 Nxc2 35. Rc1 Nb4 36. a3 Nd5 37. Rc4 c5 38. Ng1 b5 39. Rc2 Qd6 40. Rd2 Re6
41. Kg2 Nb6 42. Ne2 Qd5 43. Nf4 Qxf3+ 44. Kxf3 Rd6 45. Ke4 Nd7 46. Rc2 a5 47.
b3 f5+ 48. Kf3 Ne5+ 49. Ke2 c4 50. bxc4 bxc4 51. Rd2 c3 52. Rc2 Rb6 53. f3 Kf7
54. Nd5 Rb2 0-1

[Event "Lichtenberger Sommer"]
[Site "Berlin"]
[Date "2009.08.15"]
[Round "1.89"]
[White "Knebel, Lothar"]
[Black "Oberbacher, Michael"]
[Result "1/2-1/2"]
[WhiteElo "1830"]
[BlackElo "1301"]
[PlyCount "56"]
[EventDate "2009.??.??"]
[WhiteTeam "SV Oberkochen"]
[BlackTeam "SC Braunschweig Gliesmarode v. 1"]

1. c4 Nf6 2. Nc3 e6 3. e4 e5 4. Nf3 d6 5. d4 exd4 6. Nxd4 c5 7. Nf5 Bxf5 8.
exf5 Be7 9. Be2 O-O 10. O-O Nc6 11. Be3 Qd7 12. Nd5 Nxd5 13. Qxd5 Nb4 14. Qf3
Bf6 15. Rad1 Qc7 16. Qg3 Rfe8 17. Bf3 Nxa2 18. Qxd6 Rac8 19. Qxc7 Rxc7 20. Bf4
Rce7 21. h3 Nb4 22. Bd6 Rd7 23. Bxc5 Rxd1 24. Rxd1 Nc6 25. Bxc6 bxc6 26. b4 a6
27. g4 h6 28. f3 Kh7 1/2-1/2

[Event "Lichtenberger Sommer"]
[Site "Berlin"]
[Date "2009.08.15"]
[Round "1.90"]
[White "Kammler, Hans-Joachim"]
[Black "Walter, Günter"]
[Result "1/2-1/2"]
[WhiteElo "1276"]
[BlackElo "1828"]
[PlyCount "76"]
[EventDate "2009.??.??"]
[WhiteTeam "SG Eckturm"]
[BlackTeam "TSG Oberschöneweide e.V."]

1. e4 e5 2. Nf3 Nc6 3. Bb5 Nge7 4. c3 g6 5. d4 Bg7 6. d5 a6 7. Bd3 Nb8 8. O-O
d6 9. Nbd2 O-O 10. Nb3 Bg4 11. h3 Bxf3 12. Qxf3 f5 13. Bg5 fxe4 14. Qxe4 Nd7
15. f4 Nf6 16. Bxf6 Bxf6 17. g4 c6 18. c4 cxd5 19. cxd5 exf4 20. Qe6+ Kh8 21.
Rxf4 Qb6+ 22. Kh1 Bg5 23. Rxf8+ Rxf8 24. Rf1 Rxf1+ 25. Bxf1 Qe3 26. Bg2 Qg3 27.
Nd4 Qf4 28. Nf3 Qc1+ 29. Qe1 Bd2 30. Qxc1 Bxc1 31. b3 Nxd5 32. Ng5 Bxg5 33.
Bxd5 b6 34. Kg2 Kg7 35. Kf3 Kf6 36. Ke4 Bc1 37. Bg8 h6 38. h4 g5 1/2-1/2

[Event "Lichtenberger Sommer"]
[Site "Berlin"]
[Date "2009.08.15"]
[Round "1.91"]
[White "Mayer, Herbert"]
[Black "Jiranek, Benno"]
[Result "1-0"]
[WhiteElo "1827"]
[BlackElo "1206"]
[PlyCount "93"]
[EventDate "2009.??.??"]
[WhiteTeam "SC Rochade e.V."]
[BlackTeam "SC Kreuzberg e.V."]

1. c4 e5 2. Nc3 Nf6 3. g3 Be7 4. Bg2 c6 5. Nf3 d6 6. O-O O-O 7. d3 h6 8. Rb1 a5
9. a3 Be6 10. b4 axb4 11. axb4 Nh7 12. Bb2 f5 13. Nd2 f4 14. e3 fxg3 15. fxg3
Rxf1+ 16. Nxf1 Nd7 17. Qe2 Ndf6 18. Nd2 Qd7 19. b5 Bg4 20. Qe1 Bh3 21. Bxh3
Qxh3 22. Qf1 Qxf1+ 23. Nxf1 Ng5 24. Bc1 Nf3+ 25. Kf2 Rf8 26. Kxf3 Nd5+ 27. Kg2
Nxc3 28. Rb2 Ra8 29. bxc6 bxc6 30. Bd2 Na4 31. Rb7 Kf7 32. d4 exd4 33. exd4 g5
34. Ne3 Ke6 35. d5+ cxd5 36. cxd5+ Kf7 37. Nf5 Re8 38. Nxd6+ Kf8 39. Nxe8 Kxe8
40. Bb4 Bxb4 41. Rxb4 Nc3 42. Rd4 Kd7 43. Kf3 Kd6 44. Ke3 Nb5 45. Rd3 Ke5 46.
Kf3 Nd4+ 47. Rxd4 1-0

[Event "Lichtenberger Sommer"]
[Site "Berlin"]
[Date "2009.08.15"]
[Round "1.92"]
[White "Stark, Steven"]
[Black "Hahn, Thomas"]
[Result "1-0"]
[WhiteElo "1169"]
[BlackElo "1827"]
[PlyCount "49"]
[EventDate "2009.??.??"]
[WhiteTeam "VfB Hermsdorf e.V."]
[BlackTeam "SC Empor Potsdam 1952 e.V."]

1. e4 d5 2. Bd3 c6 3. e5 Nh6 4. Nf3 Qc7 5. Be2 Bg4 6. d4 Nf5 7. h3 Bxf3 8. Bxf3
e6 9. Bg4 Nh4 10. Bf3 c5 11. Bg5 Ng6 12. O-O Nc6 13. c3 a6 14. Bh5 Nge7 15. f4
cxd4 16. cxd4 Nf5 17. Nc3 Nfxd4 18. Re1 Nf5 19. Nxd5 exd5 20. Qxd5 Ng3 21. Qe6+
Be7 22. Qxf7+ Kd8 23. Red1+ Kc8 24. Bxe7 Nxh5 25. Qe6+ 1-0

[Event "Lichtenberger Sommer"]
[Site "Berlin"]
[Date "2009.08.15"]
[Round "1.93"]
[White "Cremer, Jan Paul"]
[Black "Heyne, Klaus"]
[Result "1-0"]
[WhiteElo "1826"]
[BlackElo "1169"]
[PlyCount "35"]
[EventDate "2009.??.??"]
[WhiteTeam "Schachpinguine Berlin e.V."]
[BlackTeam "SC Rotation Pankow e.V."]

1. e4 c5 2. Nf3 d6 3. d4 cxd4 4. Nxd4 e5 5. Bb5+ Bd7 6. Bxd7+ Nxd7 7. Nf5 g6 8.
Nxd6+ Bxd6 9. Qxd6 Qe7 10. Qxe7+ Nxe7 11. Bh6 Rg8 12. Be3 Rc8 13. Nc3 a6 14.
O-O-O f5 15. Bg5 f4 16. Rd6 Rc6 17. Rhd1 Nc8 18. Rxd7 1-0

[Event "Lichtenberger Sommer"]
[Site "Berlin"]
[Date "2009.08.15"]
[Round "1.94"]
[White "Schröder, Gert"]
[Black "Tong, Lukas Fabian Chuan"]
[Result "0-1"]
[WhiteElo "1154"]
[BlackElo "1822"]
[PlyCount "78"]
[EventDate "2009.??.??"]
[WhiteTeam "SV Königsjäger Süd-West e.V."]
[BlackTeam "SC Erlangen 48/88"]

1. c4 Nf6 2. d4 e6 3. a3 b6 4. e4 Nxe4 5. Qd3 Bb7 6. Nc3 Nxc3 7. bxc3 Be7 8.
Nf3 d6 9. Rb1 Nd7 10. Nd2 Rc8 11. d5 e5 12. Be2 Nc5 13. Qg3 Bf6 14. O-O O-O 15.
Bg4 Rb8 16. Re1 Ba6 17. Be2 g6 18. Bf1 Bg7 19. Ne4 Qd7 20. Ng5 h6 21. Nf3 Qf5
22. Bd2 Ne4 23. Nh4 Nxg3 24. Nxf5 Nxf5 25. a4 c6 26. Rb2 Ne7 27. Reb1 cxd5 28.
cxd5 Bxf1 29. Kxf1 Nxd5 30. c4 Nf6 31. Rb5 Rfc8 32. R5b4 Ne4 33. Be1 Bf8 34. f3
Nf6 35. Rc1 d5 36. Rb5 Rxc4 37. Rd1 Rxa4 38. g4 Rf4 39. Kg2 e4 0-1

[Event "Lichtenberger Sommer"]
[Site "Berlin"]
[Date "2009.08.15"]
[Round "1.95"]
[White "Cerdan Herraez, Manuel Vicente"]
[Black "Hübner, Alan-Ari"]
[Result "1-0"]
[WhiteElo "1821"]
[BlackElo "1145"]
[PlyCount "43"]
[EventDate "2009.??.??"]
[WhiteTeam "CIM Benimaclet - Valencia"]
[BlackTeam "KSC Strausberg Abt. Schach"]

1. e4 e6 2. d4 d5 3. exd5 exd5 4. Nc3 Nf6 5. Bg5 Be7 6. Nf3 Nc6 7. Bb5 O-O 8.
Bxc6 bxc6 9. Ne5 Bb7 10. O-O h6 11. Bh4 Re8 12. Re1 c5 13. dxc5 d4 14. Ne2 Bxc5
15. Ng4 Qd5 16. Nf4 Qc6 17. Bxf6 gxf6 18. Nxh6+ Kg7 19. Qh5 Qd7 20. Nf5+ Kg8
21. Qg4+ Kf8 22. Qg7# 1-0

[Event "Lichtenberger Sommer"]
[Site "Berlin"]
[Date "2009.08.15"]
[Round "1.97"]
[White "Schüler, Wolfgang"]
[Black "Geldner, Gerrit"]
[Result "1-0"]
[WhiteElo "1816"]
[BlackElo "1091"]
[PlyCount "95"]
[EventDate "2009.??.??"]
[WhiteTeam "SC Friesen Lichtenberg e.V."]
[BlackTeam "SC Friesen Lichtenberg e.V."]

1. e4 c5 2. Nc3 Nc6 3. g3 d6 4. Bg2 Nf6 5. d3 Bg4 6. f3 Bh5 7. g4 Bg6 8. f4 h6
9. f5 Bh7 10. h3 Qd7 11. Nf3 e6 12. O-O O-O-O 13. Bf4 g5 14. Bg3 Bg7 15. Ne2 d5
16. e5 Ne8 17. f6 Bf8 18. Qd2 Nc7 19. a3 d4 20. Rfe1 Nd5 21. Bf2 Rg8 22. Ng3
Qc7 23. Bf1 Nf4 24. c3 Na5 25. Rad1 dxc3 26. Qxc3 Nd5 27. Qd2 Nf4 28. Ne4 b6
29. b4 Nc6 30. bxc5 Bxe4 31. cxb6 axb6 32. Rxe4 Bxa3 33. Qc3 Bb4 34. Rxb4 Nxb4
35. Qxb4 Nd5 36. Qb2 Kb7 37. Rc1 Qd7 38. Nd2 Rc8 39. Ne4 Rxc1 40. Qxc1 Ra8 41.
Nd6+ Kb8 42. Qb2 Qc6 43. Bg2 Kc7 44. Nxf7 b5 45. Nd6 Rb8 46. f7 Qd7 47. Bc5 Kc6
48. d4 1-0

[Event "Lichtenberger Sommer"]
[Site "Berlin"]
[Date "2009.08.15"]
[Round "1.98"]
[White "Noakes, Günther"]
[Black "Bandlow, Matthias"]
[Result "0-1"]
[WhiteElo "1059"]
[BlackElo "1814"]
[PlyCount "62"]
[EventDate "2009.??.??"]
[WhiteTeam "SF Hamburg eV 1934"]
[BlackTeam "SC Borussia Friedrichsfelde 1920"]

1. Nf3 d5 2. d4 e6 3. e3 Nf6 4. Bd3 Be7 5. O-O O-O 6. Re1 Nbd7 7. b3 b6 8. Bb2
Bb7 9. Nbd2 Ne4 10. Re2 f5 11. c4 Ndf6 12. Rc1 c6 13. Qc2 Rc8 14. Qb1 Bd6 15.
Qa1 Qe8 16. g3 Qh5 17. Kg2 Nxd2 18. Nxd2 Ne4 19. f3 Nxd2 20. Rxd2 Rf6 21. Rh1
Rh6 22. f4 dxc4 23. Bxc4 c5+ 24. Kg1 Bxh1 25. Kxh1 Qf3+ 26. Kg1 Qxe3+ 27. Rf2
Rg6 28. Kf1 Re8 29. Qe1 cxd4 30. Re2 Qf3+ 31. Rf2 Qh1+ 0-1

[Event "Lichtenberger Sommer"]
[Site "Berlin"]
[Date "2009.08.15"]
[Round "1.99"]
[White "Nieber, Alexander"]
[Black "Fege, Julian"]
[Result "1-0"]
[WhiteElo "1814"]
[BlackElo "1007"]
[PlyCount "128"]
[EventDate "2009.??.??"]
[WhiteTeam "SG Aufbau Elbe Magdeburg"]
[BlackTeam "SC Friesen Lichtenberg e.V."]

1. d4 d5 2. Nf3 Nc6 3. g3 Bg4 4. Bg2 Nf6 5. O-O e6 6. h3 Bh5 7. c4 dxc4 8. g4
Bg6 9. Qa4 Bd6 10. Ne5 Bxe5 11. dxe5 Nd7 12. Bxc6 bxc6 13. Qxc6 O-O 14. Rd1
Nxe5 15. Rxd8 Nxc6 16. Rxa8 Rxa8 17. Na3 Na5 18. Bd2 Nb7 19. Nxc4 Be4 20. Rc1
c6 21. b3 Rd8 22. Kf1 Bd5 23. Ke1 Bxc4 24. Rxc4 c5 25. Be3 Rd5 26. Ra4 a5 27.
Bd2 Rd4 28. Ra3 f5 29. f3 fxg4 30. hxg4 c4 31. Be3 Rd5 32. bxc4 Re5 33. Kf2 Nd6
34. Rc3 Nf7 35. f4 Re4 36. Kf3 Rxe3+ 37. Kxe3 Nd6 38. c5 Nc8 39. c6 Kf7 40. Rc5
Ke7 41. Rxa5 Kd6 42. Ra6 Ne7 43. c7+ Kxc7 44. Ra7+ Kd6 45. Rxe7 Kxe7 46. Ke4
Kd6 47. a4 Kc6 48. Ke5 Kb6 49. Kxe6 Ka5 50. Kf7 Kxa4 51. Kxg7 Kb4 52. f5 Kc4
53. f6 Kc3 54. f7 Kd2 55. f8=Q Kxe2 56. Qf4 Kd3 57. Kf6 Kc3 58. Qe4 Kb3 59. Qd4
Kc2 60. Qe3 Kb2 61. Qd3 Ka2 62. Qc3 Kb1 63. Ke5 Ka2 64. Kd4 Kb1 1-0

[Event "Lichtenberger Sommer"]
[Site "Berlin"]
[Date "2009.08.15"]
[Round "1.100"]
[White "Glase, Johan"]
[Black "Belger, Christian"]
[Result "0-1"]
[WhiteElo "964"]
[BlackElo "1813"]
[PlyCount "131"]
[EventDate "2009.??.??"]
[WhiteTeam "SC Friesen Lichtenberg e.V."]
[BlackTeam "USV Potsdam e.V., Abt. Schach"]

1. e4 c5 2. Nf3 Nc6 3. d4 cxd4 4. Nxd4 e5 5. Nb5 d6 6. N1c3 a6 7. Na3 b5 8. Nd5
Nge7 9. Bg5 h6 10. Bxe7 Nxe7 11. c4 Nxd5 12. Qxd5 Be6 13. Qc6+ Bd7 14. Qd5 b4
15. Nc2 a5 16. b3 Be7 17. a3 bxa3 18. Rxa3 O-O 19. Be2 Qb6 20. b4 Bc6 21. bxa5
Bxd5 22. axb6 Bxe4 23. Rxa8 Rxa8 24. Ne3 Rb8 25. Bf3 Bxf3 26. gxf3 Rxb6 27. O-O
Rb3 28. Nf5 Bf8 29. Kg2 Rc3 30. Rd1 Rxc4 31. Nxd6 Rd4 32. Rxd4 exd4 33. Ne4 Bb4
34. f4 f5 35. Ng3 g6 36. Kf3 d3 37. Ke3 d2 38. Ke2 Kf7 39. Nf1 Bd6 40. Nxd2
Bxf4 41. Nf3 g5 42. h4 g4 43. Ne1 Ke6 44. f3 h5 45. Kf2 Kd5 46. Ke2 Bg3 47. Ng2
Kd4 48. fxg4 fxg4 49. Ne3 Ke4 50. Ng2 Bc7 51. Kf2 Bb6+ 52. Ke2 Ba7 53. Kf1 Kf3
54. Ne1+ Kg3 55. Ng2 Bb6 56. Ne1 Kxh4 57. Kg2 Kg5 58. Kg3 h4+ 59. Kg2 h3+ 60.
Kg3 Bc7+ 61. Kf2 Kh4 62. Nf3+ gxf3 63. Kxf3 Bg3 64. Ke2 h2 65. Kf1 Kh3 66. Ke2
0-1